Ηγέτες του Μέλλοντος (Record no. 8269)
[ view plain ]
| 000 -LEADER | |
|---|---|
| fixed length control field | 02251cam a22002414a 4500 |
| 005 - ΗΜΕΡΟΜΗΝΙΑ ΚΑΙ ΩΡΑ ΤΕΛΕΥΤΑΙΑΣ ΕΝΗΜΕΡΩΣΗΣ | |
| Πεδίο ελέγχου | 20250605164331.0 |
| 008 - FIXED-LENGTH DATA ELEMENTS--GENERAL INFORMATION | |
| Πεδίο ελέγχου σταθερού μήκους | 250528s ||||||||||||||||||||||||d |
| 035 ## - SYSTEM CONTROL NUMBER | |
| System control number | 23240 |
| 020 ## - ISBN | |
| ISBN | 9789605466947 |
| 040 ## - ΠΗΓΗ ΚΑΤΑΛΟΓΟΓΡΑΦΗΣΗΣ | |
| Φορέας πρωτότυπης καταλογογράφησης | MC Athens Campus Library |
| Γλώσσα καταλογογράφησης | Ελληνικά, Μοντέρνα (1453-) |
| Modifying agency | MC Athens Campus Library |
| Κανόνες περιγραφικής καταλογογράφησης | AACR2 |
| 245 1# - ΤΙΤΛΟΣ ΚΑΙ ΔΗΛΩΣΗ ΥΠΕΥΘΥΝΟΤΗΤΑΣ | |
| Τίτλος | Ηγέτες του Μέλλοντος |
| 260 ## - PUBLICATION, DISTRIBUTION, ETC. | |
| Name of publisher, distributor, etc. | Πεδίο, |
| Date of publication, distribution, etc. | 2016 |
| 300 ## - PHYSICAL DESCRIPTION | |
| Extent | 368 |
| 520 ## - SUMMARY, ETC. | |
| Summary, etc. | Στόχος του βιβλίου είναι να βοηθήσει τους νέους εργαζόμενους και μελλοντικούς ηγέτες να κατανοήσουν βασικές έννοιες της ηγεσίας και να αναπτύξουν με βιωματικό τρόπο τις κρίσιμες ηγετικές ικανότητες οι οποίες θα τους βοηήσουν να προσαρμοστούν γρήγορα στο νέο εργασιακό τοπίο που διαμορφώνεται και να αντιμετωπίσουν αποτελεσματικά τις προκλήσεις του μέλλοντος. Εισαγωγή, Κρίσιμες Ηγετικές Ικανότητες για Μελλοντικούς Ηγέτες, Ηγεσία, Ικανότητες Αυτοδιαχείρισης, Αυτοπεποίθηση, Αισιοδοξία, Αξιοπιστία, Επιχειρηματικές Ικανότητες, Στρατηγική Σκέψη και Σχεδιασμός, Αναλυτική Λήψη Αποφάσεων, Δημιουργική Επίλυση Προβλημάτων, Ικανότητες Διαχείρισης Ανθρώπων, Ομαδική Συνεργασία, Διαπροσωπική Επικοινωνία, Παρακίνηση Συνεργατών, Δίκτυα Συνεργασιών, Εφαρμογές με Κόμικς, Τα Κόμικς ως Εργαλείο Ανάπτυξης Ηγετικών Ικανοτήτων, Οι Συγγραφείς του Τόμου. |
| 700 1# - ΠΡΟΣΘΕΤΗ ΑΝΑΓΡΑΦΗ--ΦΥΣΙΚΟ ΠΡΟΣΩΠΟ | |
| Personal name | Ιορδάνογλου Δήμητρα |
| 700 1# - ΠΡΟΣΘΕΤΗ ΑΝΑΓΡΑΦΗ--ΦΥΣΙΚΟ ΠΡΟΣΩΠΟ | |
| Personal name | Ιωαννίδης Κωνσταντίνος |
| 9 (RLIN) | 8824 |
| 700 1# - ΠΡΟΣΘΕΤΗ ΑΝΑΓΡΑΦΗ--ΦΥΣΙΚΟ ΠΡΟΣΩΠΟ | |
| Personal name | Λέανδρος Νίκος |
| 9 (RLIN) | 8825 |
| 700 1# - ΠΡΟΣΘΕΤΗ ΑΝΑΓΡΑΦΗ--ΦΥΣΙΚΟ ΠΡΟΣΩΠΟ | |
| Personal name | Τσακαρέστου Μπέτυ |
| 9 (RLIN) | 8826 |
| 700 1# - ΠΡΟΣΘΕΤΗ ΑΝΑΓΡΑΦΗ--ΦΥΣΙΚΟ ΠΡΟΣΩΠΟ | |
| Personal name | Τσενέ Λήδα |
| 9 (RLIN) | 8827 |
| 942 ## - ADDED ENTRY ELEMENTS (KOHA) | |
| Koha item type | Books |
| Τύπος τεκμηρίου | Βιβλιοθήκη | Τρέχουσα τοποθεσία | Barcode | Αριθμός εισαγωγής | Ημερομηνία απόκτησης | Ταξιθετικό σύμβολο | Αριθμός αντιτύπου | Κατάσταση απόσυρσης | Κατάσταση χαμένου | Κατάσταση κατεστραμμένου | Μη δανεισμός | Σύνολο δανεισμών | Ημερομηνία τελευταίας εμφάνισης | Η τιμή ισχύει από |
|---|---|---|---|---|---|---|---|---|---|---|---|---|---|---|
| Books | MC Athens Campus Library | MC Athens Campus Library | 9780000082688 | 7643 | 05/06/2025 | 658.3 IOR | 1 | 05/06/2025 | 05/06/2025 |